| 000 | 01711nam a2200421 c 4500 | ||
|---|---|---|---|
| 003 | BLK | ||
| 005 | 20250513140249.0 | ||
| 008 | 180410b bul|||||r ||||||| ||bul|| | ||
| 010 | _aKNG00158459000 | ||
| 020 |
_a978-954-625-599-0 _bиздат.: Фют |
||
| 040 | _aBLK | ||
| 041 |
_aBUL _cBUL |
||
| 072 | 7 |
_2bullib _aН85 _xДетска художествена литература Н |
|
| 072 | 7 |
_2bullib _aБ _xБиблиотеки и библиотекари - в художествена литература |
|
| 080 |
_aБългарска литература _b821.163.2 _x-93-1 _z821.163.2-93-1 |
||
| 100 |
_aЖекова, Ангелина Иванова _d1944- _9366328 |
||
| 700 |
_aБабукчиева, Антонина Светославова _d1961 - _9363803 |
||
| 139 |
_aЖекова, Ангелина Иванова _bЖ 32 |
||
| 245 | 1 | 0 |
_aГорската библиотека _cАнгелина Иванова Жекова; худож. Антонина Светославова Бабукчиева. |
| 250 | _a2. изд. | ||
| 257 | _aBGR | ||
| 260 |
_аСофия _bФют _c2010 |
||
| 300 |
_a20 с. _bс цв. ил. _c27 см |
||
| 380 | _aDX | ||
| 490 | 1 | _aПоредица Във вълшебната гора | |
| 500 | _a1. изд. 2006. - Авт. не е отбелязан на кор. | ||
| 653 | _aприказки | ||
| 653 | _aлитература за деца | ||
| 653 | _aдетска литература | ||
| 659 | _aБ | ||
| 659 | _aН | ||
| 852 | _aЦб ІІ 20073 | ||
| 856 | 4 |
_qpdf _u |
|
| 856 | 4 |
_qpdf _u |
|
| 942 |
_cKNG _n0 _046 |
||
| 944 |
_aCR _c24.03.2014 _lАнна Гръцманова _k30564 |
||
| 944 |
_aED _c30.04.2014 _lф / _k |
||
| 999 |
_c152016 _d152016 |
||